Quizz - Je suis aussi - Fromages - Statistiques

Statistiques générales
  • Ce quiz a été pris 45 fois
  • Le résultat moyen est 4 sur 16
Statistiques - réponses
Hint Réponse % Correct
Je désigne aussi un novice ou bien un habit de travail ou bien une couleur. Bleu
72%
Je suis aussi un plat qui se déguste en hiver. Raclette
67%
Je suis aussi un département français ayant Dijon pour préfecture. Côte d'Or
50%
Je suis aussi une espèce de vaches et une commune du Cantal. Salers
31%
Je suis aussi un sportif des neiges et peut être nordique ou bien alpin. Skieur
31%
Je suis aussi un couteau dont le nom est une antonomase. Laguiole
28%
Je suis aussi une ville du sud de la France chantée par Gérard Blanchard. Rocamadour
28%
Je suis aussi un synonyme de richesse. Abondance
22%
Je suis aussi un chapeau apparu vers 1690 remplacé par le shako par les soldats de Napoléon. Tricorne
11%
Je suis aussi une commune du département de l'Indre où Talleyrand acheta un château. Valençay
11%
Je suis aussi une ville suisse dont le canton porte mon nom. Fribourg
6%
Je suis aussi une race de chiens ou bien un habitant d'un département du sud de la France. Ariégeois
3%
Je suis aussi un aggloméré pouvant servir de combustible. Briquette
3%
Je suis aussi une race de chats. Chartreux
3%
Je suis aussi un jeune garçon turbulent. Galopin
3%
Je suis aussi un vin d'appellation d'origine contrôlée du vignoble du Libournais. Pomerol
0%
Aucun quiz correspondant
Distribution des résultats
% des personnes avec chaque résultat
Percentile par nombre de réponses
Votre historique - résultats
Vous n’avez pas pris ce quiz